Hospodárska politika USA ako imperialistický nástroj nátlaku na socialistické krajiny kandidátska dizertačná práca

Saved in:
Bibliographic Details
Main Author: Šesták, Jozef
Corporate Author: Vysoká škola ekonomická v Bratislave. Obchodná fakulta
Other Authors: Hronský, Filip
Format: Book
Language:Slovak
Published: Bratislava 1985
Tags: Add Tag
No Tags, Be the first to tag this record!

MARC

LEADER 00000nam a2200000 4500
001 c035561
005 20221220075447.5
041 0 |a slo 
044 |a SK 
245 1 0 |a Hospodárska politika USA ako imperialistický nástroj nátlaku na socialistické krajiny  |b kandidátska dizertačná práca  |c Jozef Šesták ; ved. práce Filip Hronský 
264 1 |a Bratislava  |c 1985 
300 |a 199 s. 
100 1 |a Šesták, Jozef 
700 1 |a Hronský, Filip 
710 2 |a Vysoká škola ekonomická v Bratislave. Obchodná fakulta